Vista normal
Vista MARC
Entrada Topical Term
Número de registros utilizados en: 1
001 - CONTROL NUMBER
- control field: 64406
003 - CONTROL NUMBER IDENTIFIER
- control field: OSt
005 - DATE AND TIME OF LATEST TRANSACTION
- control field: 20250829192319.0
008 - FIXED-LENGTH DATA ELEMENTS
- fixed length control field: 250829|| aca||aabn | a|a d
040 ## - CATALOGING SOURCE
- Original cataloging agency: OSt
- Transcribing agency: OSt
150 ## - HEADING--TOPICAL TERM
- Topical term or geographic name entry element: Mitos y leyendas infantiles mexicanas
- Chronological subdivision: Siglo XX
670 ## - SOURCE DATA FOUND
- Source citation: Work cat.: (OSt)58921: Carballido, Emilio, 1925-2008 aut 60476, Los zapatos de fierro /